Atlas de Histología Normal / (Registro nro. 119)

Detalles MARC
000 -LEADER
fixed length control field 01058 am a2200361 a 4500
005 - FECHA ULTIMA MODIFICACION
control field 20240527125136.0
008 - CAMPO DE CONTROL (LIBRO)
fixed length control field 100315s1974||||ag a f |||| 00| 0 spa d
020 ## - INTERNATIONAL STANDARD BOOK NUMBER
ISBN S/N
041 ## - CODIGO DE IDIOMA
Código de idioma del texto/pista de sonido o título separado spa
092 ## - SIGNATURA TOPOGRAFICA DEWEY LOCAL
número de clasificación 611.018022
libristica 16
sección DIF
100 1# - ENTRADA PRINCIPAL--NOMBRE PERSONAL
Nombre personal Di Fiore, Mariano S.H.
9 (RLIN) 211
245 ## - TITULO PROPIAMENTE DICHO
Título Atlas de Histología Normal /
Mención de responsabilidad y remanente de la transcripción de la portada Mariano S.H. Di Fiore.
250 ## - MENCION DE EDICION
Mención de edición 6a ed.
260 ## - PIE DE IMPRENTA
Lugar de publicación, distribución, etc Buenos Aires:
Nombre de la editorial, distribuidor, etc El Ateneo;
Fecha de publicación 1974.
300 ## - DESCRIPCION FISICA
Extension 229 p.
500 ## - NOTA GENERAL
Nota general Di Fiore, M. S. H. (1974). Atlas de histología normal. (6a ed.). Buenos Aires : El Ateneo.
653 ## - TÉRMINO INDIZADO - PALABRAS CLAVES
Palabra clave Celula
653 ## - TÉRMINO INDIZADO - PALABRAS CLAVES
Palabra clave Tejidos
653 ## - TÉRMINO INDIZADO - PALABRAS CLAVES
Palabra clave Sistema cardiovascular
653 ## - TÉRMINO INDIZADO - PALABRAS CLAVES
Palabra clave Organos linfáticos
653 ## - TÉRMINO INDIZADO - PALABRAS CLAVES
Palabra clave Aparato digestivo
653 ## - TÉRMINO INDIZADO - PALABRAS CLAVES
Palabra clave Aparato respiratorio
653 ## - TÉRMINO INDIZADO - PALABRAS CLAVES
Palabra clave Aparato urinario
653 ## - TÉRMINO INDIZADO - PALABRAS CLAVES
Palabra clave Aparato genital masculino
653 ## - TÉRMINO INDIZADO - PALABRAS CLAVES
Palabra clave Aparato genital femenino
653 ## - TÉRMINO INDIZADO - PALABRAS CLAVES
Palabra clave Piel
653 ## - TÉRMINO INDIZADO - PALABRAS CLAVES
Palabra clave Glándulas de secreción interna
653 ## - TÉRMINO INDIZADO - PALABRAS CLAVES
Palabra clave Sistema nervioso central
653 ## - TÉRMINO INDIZADO - PALABRAS CLAVES
Palabra clave Aparato visual
653 ## - TÉRMINO INDIZADO - PALABRAS CLAVES
Palabra clave Aparato auditivo
930 ## - NUMERO DE INVENTARIO
Número de inventario 1806
942 ## - ADDED ENTRY ELEMENTS (KOHA)
Source of classification or shelving scheme Dewey Decimal Classification
Item type Libros
Existencias
Estado de retiro Existencia Fuente de clasificación Estado general No para prestamo Colección Ubicación permanente ubicación actual Sala de ubicación Fecha de adquisición Total Checkouts Total Renewals Número de clasificación Código de barras Date last seen Date last borrowed Número de ejemplar Price effective from Koha tipo de elemento (item) Public note Fuente de adquisición Coded location qualifier
    Dewey Decimal Classification     Reference Biblioteca Medicina Biblioteca Medicina Referencia 13/05/2011 24 1 611.018022 16 DIF 1806 10/08/2018 29/06/2018 ej.1 13/05/2011 Reference LIBRO DE CONSULTA    
    Dewey Decimal Classification       Biblioteca Medicina Biblioteca Medicina Circulación 26/09/2023     611.018022 16 DIF 2156 26/09/2023   Ej. 5 26/09/2023 Libros Donación Marisa Urrere, 14/09/2010 Donación Marisa Urrere, 14/09/2010  

UNIVERSIDAD NACIONAL DEL COMAHUE
Biblioteca de la Facultad de Ciencias Médicas
Sede Toschi: Los Arrayanes y Av. Toschi, Cipolletti  - Rio Negro
Sede Los Tordos:  Yrigoyen al 2211, Cipolletti - Rio Negro 

Teléfono: 0299 - 4774707 int 25
Contacto: biblioteca@facimed.uncoma.edu.ar
© 2011 - 2026